Riconosci il Pokémon - Quiz n°146 - Statistics

Statistiche generali
  • Questo quiz è stato fatto 2 volte
  • Il punteggio medio è 10 su 10
Statistiche sulle risposte
Indizio Risposta % Corretto
Altezza 0,2 m
100%
Peso 0,5 kg
100%
Tasso di cattura 255 (43.9%)
100%
Sesso 50% ♂, 50% ♀
100%
Pokémon Applin
100%
Tipo Erba / Drago
100%
Stadio evoluzione Forma Base
100%
Tasso di allevamento Irregolare
100%
Abilità Maturazione; Voracità; Antiproiettile
100%
Generazione Ottava
100%
Nessun quiz corrispondente trovato
Distribuzione punteggi
Percentuale di utenti per punteggio
Percentile per numero di risposta
I tuoi punteggi nel tempo
Non hai fatto questo quiz